Aadujeevitham: (Record no. 181763)

000 -LEADER
fixed length control field 00403nam a2200145 4500
020 ## - INTERNATIONAL STANDARD BOOK NUMBER
ISBN 9789348132017
082 ## - DEWEY DECIMAL CLASSIFICATION NUMBER
Classification number M300 7
Item number RES/A
245 ## - TITLE STATEMENT
Title Aadujeevitham:
Sub Title athijeevanathinte chalachithra sancharangal/
Statement of responsibility, etc by Resmi G(ed.)
260 ## - PUBLICATION, DISTRIBUTION, ETC. (IMPRINT)
Place of publication Kozhikkode:
Name of publisher Atma books,
Year of publication 2025.
300 ## - PHYSICAL DESCRIPTION
Number of Pages 118p.
650 ## - SUBJECT ADDED ENTRY--TOPICAL TERM
Topical Term Novel Malayalam Study
650 ## - SUBJECT ADDED ENTRY--TOPICAL TERM
Topical Term Literature Malayalam
650 ## - SUBJECT ADDED ENTRY--TOPICAL TERM
Topical Term Literature
942 ## - ADDED ENTRY ELEMENTS (KOHA)
Koha item type Book
Holdings
Withdrawn status Lost status Damaged status Not for loan Permanent Location Current Location Shelving location Date acquired Cost, normal purchase price Full call number Accession Number Price effective from Koha item type
        Sree Sankaracharya University of Sanskrit Sree Sankaracharya University of Sanskrit Stacks 22.05.2026 240.00 M300 7 RES/A 108891 22.05.2026 Book